Statistics for U.S States With The Most Golf Courses Per Square Mile

Click here to take the quiz!

General Stats

  • This quiz has been taken 67 times
  • The average score is 11 of 15

Answer Stats

Courses / sq. mileSquare milesU.S State% Correct
0.0158865,758Florida
92%
0.0109032,007South Carolina
86%
0.036251,545Rhode Island
83%
0.0152954,475New York
81%
0.0170044,828Ohio
79%
0.0101453,821North Carolina
78%
0.0115957,918Illinois
73%
0.0149912,407Maryland
73%
0.032295,544Connecticut
71%
0.023031,952Delaware
71%
0.033828,722New Jersey
71%
0.012089,351New Hampshire
70%
0.0123036,420Indiana
67%
0.0356210,555Massachusetts
65%
0.0151346,058Pennsylvania
62%

Score Distribution

Percentile by Number Answered

Percent of People with Each Score

Your Score History

You have not taken this quiz